00773nam a2200229 a 450000100100000000500170001000800410002702000150006808200190008310000320010224500570013425000120019126000490020330000110025249000300026365000260029365000240031965000240034365000300036799900150039795201310041200005589020200120223158.0050210s1981 ck a gr 0 spa d a950739743404a863.6bO722211 aOrdoñez Caballero, Alvaro10aLenguaje de silencios /cAlvaro Ordoñez Caballero. a1a. ed. a[Bogotá] :bLa Nacional de Seguros,c1981. a136 p. aColección nuestra gente14aLiteratura colombiana14aCuentos colombianos24aPoesía colombiana24aAnimales en la literatura c5432d5432 00102ddc40708GENaBPMOSbBPMOSd2020-01-20i107890l0o863.6 O72pMOS005463r2020-01-20tej.1w2020-01-20yBKzOcho días